000 01877cam a2200349 a 4500
005 20031230185550.0
008 940308s1993 enkab b 001 0 eng
010 _aENG-101606 B-431106-109
020 _c295.00
_a9788120341937
035 _aEN-85139 B-431106-109
037 _bDBAD/PUB
037 _bAllied Pub/Ven
040 _adpl
_bEng
082 _a620.00151
100 1 _922405
_aBathul, Shahnaz
245 1 0 _aSpecial functions and complex variables :
_cby Shahnaz Bathul
_bengineering mathematics III /
250 _a2nd ed
260 _aNew Delhi
_bPHI Learning
_c2010
270 _aM-97, Connaught Circus,
_bNew Delhi
_e110001
300 _ax,525p.
_c24cm (pbk)
500 _aIncludes index
650 0 _922448
651 _922481
700 _922431
942 _2ddc
_cEN
_mBAT
_h620.00151
999 _c48165
_d48165